| 000 | 00611nam a2200217Ii 4500 | ||
|---|---|---|---|
| 003 | JO-AjNU | ||
| 008 | 230606s9999||||xx |||||||||||||| ||und|| | ||
| 020 | _a978-81-8495-002-1 | ||
| 040 |
_aJO-AjNU _beng _erda _cJO-AjNU |
||
| 041 | _aeng | ||
| 050 | 1 | 4 | _aQA76.2006 |
| 100 | 3 |
_aMuniswamy.v.v, _eauthor _9170 |
|
| 245 | 0 | 0 | _aAdvanced Data Structures and Algorithms in c** |
| 250 | _a2 ed | ||
| 264 | 3 | 1 | _aJAICO PUBLISHING HOUSE:delhi,2006 |
| 300 | _a396p | ||
| 336 |
_atext _btxt _2rdacontent |
||
| 337 |
_aunmediated _bn _2rdamedia |
||
| 338 |
_avolume _bnc _2rdacarrier |
||
| 650 | 4 |
_a Computer science. _9171 |
|
| 999 |
_aE90 _c90 _d90 |
||